Russian Borders-Sudden Death - Statistics

General Stats
  • This quiz has been taken 77 times
  • The average score is 10 of 14
Answers on the Grid
Answers color-coded by a green-red scale on the quiz's grid according to % correct below.
Sweden
Germany
Armenia
Japan
Turkey
South Korea
Norway
Finland
Estonia
Latvia
Lithuania
Poland
Belarus
Ukraine
Georgia
Azerbaijan
Kazahkstan
China
Mongolia
North Korea
 
Answer Stats
Answer % Correct
Estonia
84%
China
82%
Ukraine
79%
Belarus
76%
Kazahkstan
76%
Lithuania
76%
Finland
74%
Latvia
71%
Mongolia
71%
North Korea
71%
Georgia
68%
Azerbaijan
58%
Poland
58%
Norway
55%
No matching quizzes found
Score Distribution
Percent of People with Each Score
Percentile by Number Answered
Your Score History
You have not taken this quiz